000 01040nam a2200229Ia 4500
003 GCL
005 20240530105314.0
008 140319s9999 xx 000 0 ara d
040 _aGCL /
_cGCL
082 0 4 _a910.4/
_bن ر
100 1 _aالنابلسى، عبدالغنى اسماعيل عبدالغنى بن احمد الحنفى الدمشقى النقشبندى
245 1 0 _aرحلتان الى لبنان /
_cتاليف عبدالغنى بن اسماعيل النابلسى، رمضان بن موسى العطيفى ؛ تحقيق صلاح الدين المنجد، اسطفان فيلد
260 _aبيروت :
_bفرانز شتاينر بفيسبادن ،
_c1979
300 _aمتعدد
490 0 _aنصوص ودراسات؛
_v21
650 0 4 _aالرحلات
650 0 4 _aلبنان - وصف ورحلات
700 0 _aرمضان بن موسى العطيفى
_eمؤلف مشارك
700 0 _aصلاح الدين المنجد
_eمحقق
700 0 _aاسطفان فيلد
_eمحقق مشارك
942 _2ddc
_cBK
999 _c54771
_d54771